000 00294nam a2200085Ia 4500
245 0 _aKnow the risk : learning from errors and accidents : safety and risk in today's technology
100 _a DUFFEY, R B Boston, MA, 2003
_978934
942 _cBK
008 210817s9999 xx 000 0 und d
999 _c273595
_d273594